000 00383nam a2200157Ia 4500
005 20250424120238.0
008 250424s9999 xx 000 0 und d
022 _a15966208
050 _aQA 1 .G565/
245 0 _aGlobal journal of mathematical sciences
260 _aCalabar
260 _c2010
300 _a45 p. ; 29 cm.
650 _aMathematics--Periodicals.
942 _cSR
999 _c38217
_d38217